Turkish football players who played in the La Liga. - Statistics

General Stats
  • This quiz has been taken 54 times
  • The average score is 8 of 24
Answer Stats
Teams(s) Answer % Correct
Real Madrid Arda Güler
94%
Atletico Madrid - Barcelona Arda Turan
90%
Villareal - Levante - Real Valladolid - Getafe Enes Ünal
75%
Real Sociedad - Villarreal Nihat Kahveci
73%
Real Madrid Hamit Altıntop
55%
Real Madrid Nuri Şahin
55%
Atletico Madrid Emre Belözoğlu
45%
Barcelona Rüştü Reçber
45%
Celta Vigo Emre Mor
39%
Naci Ünüvar Naci Ünüvar
35%
Atletico Madrid Çağlar Söyüncü
27%
Celta Vigo - Getafe Okay Yokuşlu
27%
Valencia - Real Valladolid Cenk Özkaçar
25%
Valencia Mehmet Topal
24%
Getafe Bertuğ Yıldırım
22%
Deportivo La Coruna Emre Çolak
18%
Granada İsmail Köybaşı
12%
Real Sociedad Arif Erdem
10%
Huesca Serdar Gürler
10%
Real Betis Mehmet Aurelio
8%
Recreativo Huelva Ersen Martin
6%
Getafe İbrahim Kaş
6%
Las Palmas Oktay Derelioğlu
4%
Real Sociedad - Espanyol Tayfun Korkut
4%
No matching quizzes found
Score Distribution
Percent of People with Each Score
Percentile by Number Answered
Your Score History
You have not taken this quiz